The Need to Belong in Secondary School (Record no. 182189)

MARC details
000 -LEADER
fixed length control field 00402nmm a2200133Ia 4500
100 ## - MAIN ENTRY--PERSONAL NAME
Personal name du Plessis-Schneider, Sharon
245 #4 - TITLE STATEMENT
Title The Need to Belong in Secondary School
260 ## - PUBLICATION, DISTRIBUTION, ETC. (IMPRINT)
Place of publication Verlag Barbara Budrich
Year of publication 2022
650 ## - SUBJECT ADDED ENTRY--TOPICAL TERM
Topical Term Film Studies
856 ## - ELECTRONIC LOCATION AND ACCESS
Uniform Resource Identifier https://www.jstor.org/stable/10.2307/j.ctv2r4kx8q
942 ## - ADDED ENTRY ELEMENTS (KOHA)
Koha item type
Holdings
Withdrawn status Lost status Damaged status Not for loan Permanent Location Current Location Date acquired Price effective from Koha item type
        Library and Documentation Division NCERT Library and Documentation Division NCERT 11/19/2024 11/19/2024